| 000 | 01136cam a2200313 a 4500 | ||
|---|---|---|---|
| 001 | 1656 | ||
| 005 | 20231123101135.0 | ||
| 020 | _a9780545102735 | ||
| 040 |
_aDLC _cDLC _dDLC _beng |
||
| 050 | 0 | 0 |
_aPZ7.D6475 _bDar 2009 |
| 082 | 0 | 0 |
_a823.914 _222 |
| 100 | 1 | _aD'Lacey, Chris | |
| 245 | 1 | 0 |
_aDark fire / _cChris d'Lacey |
| 250 | _aFirst Scholastic paperback printing, September 2010 | ||
| 260 |
_aNew York : _bScholastic, _c2009 |
||
| 300 |
_a567 pages : _c20 cm |
||
| 500 | _aSequel to: Fire eternal. | ||
| 500 | _aSequel: Fire world. | ||
| 505 | _aR | ||
| 520 | _aBestselling author David Rain returns to help Lucy and the Pennykettle dragons try to find and destroy a drop of dark fire before it is discovered and used to birth a darkling, while in the Arctic, enshrouded in mist, hide dragons that have at last returned to Earth. | ||
| 521 |
_a740
_bLexile |
||
| 521 |
_aR
_bRaz-Plus |
||
| 650 | 1 |
_aDragons _vFiction. |
|
| 650 | 1 |
_aSupernatural _vFiction. |
|
| 650 | 1 |
_aGood and evil _vFiction. |
|
| 650 | 1 |
_aAuthorship _vFiction. |
|
| 906 |
_a7 _bcbc _corignew _d1 _eecip _f20 _gy-gencatlg |
||
| 942 |
_2ddc _cBK _n0 |
||
| 999 |
_c1656 _d1656 |
||